00508nam a2200157Ia 450000500170000000800410001708200130005810000110007124500430008226000510012530000200017650000380019694200060023495200950024099900150033520250310013904.0240331s9999 xx 000 0 und d bIBSa812 aIbson, 0aLuhso ge pathiwatha :bIbsonge bonikko aColombobwomen's Education And research centre a116 p ., ( V 2) aits translate Conversation Drama, cL 001040708LaWERCLbWERCLcSSCd2024-03-31l0o 812 IBSp4405r2024-03-31w2024-03-31yL c5180d5180